[Event "Eliminacje Strefowe do MPJ WP+ZP - D-13"]
[Site "Skorzecin"]
[Date "2018.09.30"]
[Round "9.2"]
[White "Rozumek, Paulina"]
[Black "Pietrykowska, Agata"]
[Result "1/2-1/2"]
[BlackElo "1182"]
[WhiteElo "1023"]
[LiveChessVersion "1.4.8"]

1. Nf3 {[%clk 1:30:59]} Nf6 {[%clk 1:30:54]} 2. b3 {[%clk 1:31:14]} d5
{[%clk 1:31:18]} 3. Bb2 {[%clk 1:31:35]} Bf5 {[%clk 1:31:39]} 4. e3
{[%clk 1:31:37]} e6 {[%clk 1:31:54]} 5. d3 {[%clk 1:30:08]} Be7 {[%clk 1:29:54]}
6. g3 {[%clk 1:29:51]} O-O {[%clk 1:29:13]} 7. Bg2 {[%clk 1:29:59]} c5
{[%clk 1:28:24]} 8. Nbd2 {[%clk 1:28:26]} Nc6 {[%clk 1:27:07]} 9. O-O
{[%clk 1:25:11]} Qc7 {[%clk 1:23:03]} 10. Re1 {[%clk 1:22:38]} Rad8
{[%clk 1:18:57]} 11. Qe2 {[%clk 1:19:11]} h6 {[%clk 1:17:14]} 12. e4
{[%clk 1:18:04]} dxe4 {[%clk 1:16:56]} 13. dxe4 {[%clk 1:17:26]} Bh7
{[%clk 1:16:59]} 14. Qe3 {[%clk 1:15:37]} Ng4 {[%clk 1:00:48]} 15. Qc3
{[%clk 1:14:07]} Nf6 {[%clk 0:59:25]} 16. Nc4 {[%clk 1:05:00]} b5
{[%clk 0:54:39]} 17. Nce5 {[%clk 1:03:47]} Bxe4 {[%clk 0:33:05]} 18. Ng4
{[%clk 1:00:14]} Bg6 {[%clk 0:31:17]} 19. Nfe5 {[%clk 0:58:40]} Nxe5
{[%clk 0:30:07]} 20. Nxe5 {[%clk 0:58:42]} Nd5 {[%clk 0:26:40]} 21. Bxd5
{[%clk 0:55:02]} exd5 {[%clk 0:25:35]} 22. Nxg6 {[%clk 0:53:44]} Bf6
{[%clk 0:25:07]} 23. Ne5 {[%clk 0:51:48]} d4 {[%clk 0:24:53]} 24. Qd3
{[%clk 0:50:35]} Bxe5 {[%clk 0:24:45]} 25. Qxb5 {[%clk 0:50:30]} Rb8
{[%clk 0:23:00]} 26. Qe2 {[%clk 0:49:03]} Bf6 {[%clk 0:22:46]} 27. Qg4
{[%clk 0:48:50]} Rfe8 {[%clk 0:20:10]} 28. Rad1 {[%clk 0:48:02]} Qa5
{[%clk 0:19:33]} 29. Rxe8+ {[%clk 0:47:44]} Rxe8 {[%clk 0:19:59]} 30. a4
{[%clk 0:47:16]} Re1+ {[%clk 0:18:38]} 31. Kg2 {[%clk 0:46:32]} Rxd1 1/2-1/2

[Event "Eliminacje Strefowe do MPJ WP+ZP - D-13"]
[Site "Skorzecin"]
[Date "2018.09.30"]
[Round "9.3"]
[White "Cieslak, Emilia"]
[Black "Nowak, Roksana"]
[Result "1-0"]
[BlackElo "1337"]
[WhiteElo "1137"]
[LiveChessVersion "1.4.8"]

1. e4 {[%clk 1:30:57]} e5 {[%clk 1:30:52]} 2. Nf3 {[%clk 1:31:18]} d5
{[%clk 1:31:18]} 3. exd5 {[%clk 1:31:39]} Bd6 {[%clk 1:31:42]} 4. d4
{[%clk 1:31:56]} e4 {[%clk 1:31:59]} 5. Ne5 {[%clk 1:32:15]} Nd7 {[%clk 1:31:56]}
6. Bb5 {[%clk 1:31:32]} a6 {[%clk 1:31:42]} 7. Bxd7+ {[%clk 1:29:44]} Bxd7
{[%clk 1:32:05]} 8. O-O {[%clk 1:29:46]} Bf5 {[%clk 1:30:10]} 9. c4
{[%clk 1:28:45]} Nf6 {[%clk 1:26:19]} 10. Nc3 {[%clk 1:23:31]} O-O
{[%clk 1:25:18]} 11. Re1 {[%clk 1:20:58]} Re8 {[%clk 1:20:52]} 12. Bf4
{[%clk 1:14:45]} Nd7 {[%clk 1:11:48]} 13. Nxd7 {[%clk 1:11:14]} Qxd7
{[%clk 1:11:30]} 14. Bxd6 {[%clk 1:11:22]} Qxd6 {[%clk 1:11:41]} 15. Re3
{[%clk 1:08:22]} Bg6 {[%clk 1:09:08]} 16. Qd2 {[%clk 1:00:36]} f5
{[%clk 1:07:53]} 17. Rae1 {[%clk 0:56:16]} Qf6 {[%clk 1:01:22]} 18. f3
{[%clk 0:53:05]} f4 {[%clk 1:01:39]} 19. Nxe4 {[%clk 0:52:35]} Qh4
{[%clk 0:59:00]} 20. R3e2 {[%clk 0:48:11]} Rad8 {[%clk 0:57:27]} 21. Qb4
{[%clk 0:45:59]} b6 {[%clk 0:57:39]} 22. Qa4 {[%clk 0:43:10]} Bxe4
{[%clk 0:57:45]} 23. Rxe4 {[%clk 0:40:13]} Rxe4 {[%clk 0:57:58]} 24. Rxe4
{[%clk 0:40:25]} Kf7 {[%clk 0:56:59]} 25. Qxa6 {[%clk 0:40:15]} Rd7
{[%clk 0:54:45]} 26. Qc8 {[%clk 0:38:52]} Re7 {[%clk 0:53:37]} 27. Rxe7+
{[%clk 0:38:54]} Qxe7 {[%clk 0:51:08]} 28. Qf5+ {[%clk 0:38:59]} Ke8
{[%clk 0:51:26]} 29. Qe6 {[%clk 0:39:19]} Qxe6 {[%clk 0:51:53]} 30. dxe6
{[%clk 0:39:43]} Ke7 {[%clk 0:52:08]} 31. d5 {[%clk 0:40:08]} c6 {[%clk 0:52:20]}
32. Kf2 {[%clk 0:40:08]} cxd5 {[%clk 0:52:21]} 33. cxd5 {[%clk 0:40:33]} b5
{[%clk 0:52:44]} 34. Ke2 {[%clk 0:40:56]} Kd6 {[%clk 0:53:04]} 35. Kd3
{[%clk 0:41:17]} h6 {[%clk 0:53:24]} 36. Ke4 {[%clk 0:41:37]} g5 {[%clk 0:53:50]}
37. Kf5 {[%clk 0:41:23]} b4 {[%clk 0:54:17]} 38. a4 {[%clk 0:41:06]} bxa3
{[%clk 0:54:42]} 39. bxa3 {[%clk 0:41:31]} 1-0